[Event "Guelph Futurity"]
[Site "Guelph CAN"]
[Date "2005.07.25"]
[Round "5"]
[White "MacPhail, John"]
[Black "Noritsyn, Nikolay"]
[Result "1/2-1/2"]
[WhiteElo "2305"]
[BlackElo "2376"]
[PlyCount "123"]
[EventDate "2005.08.07"]
[EventType "schev"]
[EventRounds "10"]
[EventCountry "CAN"]

1. e4 c5 2. Nf3 Nc6 3. d4 cxd4 4. Nxd4 g6 5. c4 Bg7 6. Be3 Nf6 7. Nc3 Ng4 8.
Qxg4 Nxd4 9. Qd1 Ne6 10. Rc1 Qa5 11. Be2 d6 12. O-O Bd7 13. Qd2 Bc6 14. f3 g5
15. Rfd1 h5 16. b3 Be5 17. Nd5 Qxd2 18. Rxd2 h4 19. Rdd1 f6 20. Bf2 Kf7 21. Nb4
Rhd8 22. g3 Rg8 23. c5 hxg3 24. hxg3 dxc5 25. Nxc6 bxc6 26. Bc4 Rad8 27. Bxc5
Bxg3 28. Bxa7 Bf4 29. Rxd8 Rxd8 30. Bxe6+ Kxe6 31. Rxc6+ Ke5 32. Rc5+ Ke6 33.
Rc2 Rd1+ 34. Kg2 f5 35. exf5+ Kxf5 36. b4 Rb1 37. Bc5 e5 38. a4 Ra1 39. a5 e4
40. fxe4+ Kxe4 41. Bf2 Kd3 42. Rc6 Ra2 43. Kf3 Be5 44. Be1 Ra1 45. Bg3 Bc3 46.
Bd6 Ra4 47. Rb6 Bd4 48. Rb5 Bc3 49. Rd5+ Kc4 50. Rxg5 Bd4 51. Rg2 Kd5 52. Rd2
Ra3+ 53. Kf4 Kc4 54. Rd1 Bc3 55. Rc1 Kb5 56. Rb1 Ra2 57. Ke4 Rb2 58. Rxb2 Bxb2
59. Kd5 Bc3 60. Bc5 Bxb4 61. Bxb4 Ka6 62. Bf8 1/2-1/2

[Event "Guelph Futurity"]
[Site "Guelph CAN"]
[Date "2005.07.25"]
[Round "7"]
[White "Burnett, Ronald"]
[Black "Noritsyn, Nikolay"]
[Result "1/2-1/2"]
[WhiteElo "2473"]
[BlackElo "2376"]
[PlyCount "106"]
[EventDate "2005.08.07"]
[EventType "schev"]
[EventRounds "10"]
[EventCountry "CAN"]

1. e4 c5 2. Nf3 Nc6 3. Bb5 d6 4. Bxc6+ bxc6 5. O-O e5 6. c3 g5 7. Qa4 g4 8. Nh4
Bd7 9. Nf5 Nh6 10. Nxh6 Bxh6 11. Na3 O-O 12. d4 Bxc1 13. Rfxc1 cxd4 14. cxd4 c5
15. Qa6 cxd4 16. Qxd6 Re8 17. Rc7 Ba4 18. Nc4 Bb5 19. Qxd8 Raxd8 20. Nd2 Rc8
21. Rac1 Rxc7 22. Rxc7 Bd3 23. f3 f5 24. exf5 Bxf5 25. Kf2 Bd3 26. Rxa7 Rc8 27.
Ra3 Bb5 28. Ne4 Rc2+ 29. Kg3 gxf3 30. gxf3 Rxb2 31. Ra8+ Kg7 32. Rb8 d3 33.
Rb7+ Kf8 34. a4 d2 35. Nxd2 Rxd2 36. Rxb5 Rd4 37. a5 e4 38. fxe4 Rxe4 39. Rf5+
Ke8 40. Rf4 Re3+ 41. Rf3 Re6 42. Ra3 Ra6 43. Kf4 Kd7 44. Ke4 Kc7 45. Kd5 Rh6
46. a6 Kb8 47. a7+ Ka8 48. h3 Rg6 49. Ke5 Rg7 50. Kf5 Rg6 51. h4 Rg7 52. Kf6
Rg6+ 53. Kf7 Rg4 1/2-1/2

[Event "Guelph Futurity"]
[Site "Guelph CAN"]
[Date "2005.07.25"]
[Round "8"]
[White "Noritsyn, Nikolay"]
[Black "Kunte, Abhijit"]
[Result "0-1"]
[WhiteElo "2376"]
[BlackElo "2535"]
[PlyCount "100"]
[EventDate "2005.08.07"]
[EventType "schev"]
[EventRounds "10"]
[EventCountry "CAN"]

1. e4 c5 2. Nf3 e6 3. d4 cxd4 4. Nxd4 Nc6 5. Nb5 d6 6. c4 Nf6 7. N1c3 a6 8. Na3
Be7 9. Be2 O-O 10. O-O b6 11. Be3 Bb7 12. Qd2 Ne5 13. f3 Qc7 14. Rac1 Rac8 15.
Rfd1 Rfe8 16. Kh1 h5 17. Bg5 Rcd8 18. f4 Neg4 19. Bf3 Nh7 20. Bxe7 Qxe7 21. h3
d5 22. exd5 Qh4 23. Kg1 exd5 24. Nxd5 Nhf6 25. Ne7+ Rxe7 26. Qxd8+ Kh7 27. Qd3+
g6 28. hxg4 hxg4 29. Bxg4 Qxg4 30. Qh3+ Qxh3 31. gxh3 Nh5 32. Re1 Be4 33. Nb1
Nxf4 34. Nc3 Nxh3+ 35. Kh2 Ng5 36. Nd5 Re6 37. Kg3 f5 38. b4 Nf3 39. Rf1 Ne5
40. Nf4 Rc6 41. b5 Rc8 42. bxa6 g5 43. Ne6 Kg6 44. c5 Ra8 45. Nc7 Rd8 46. cxb6
Rd2 47. Rcd1 Rg2+ 48. Kh3 g4+ 49. Kh4 Kh6 50. Rxf5 Ng6# 0-1

[Event "Guelph Futurity"]
[Site "Guelph CAN"]
[Date "2005.07.25"]
[Round "9"]
[White "Ganguly, Surya Shekhar"]
[Black "Noritsyn, Nikolay"]
[Result "1-0"]
[WhiteElo "2566"]
[BlackElo "2376"]
[PlyCount "83"]
[EventDate "2005.08.07"]
[EventType "schev"]
[EventRounds "10"]
[EventCountry "CAN"]

1. e4 c5 2. Nf3 Nc6 3. d4 cxd4 4. Nxd4 g6 5. c4 Bg7 6. Be3 Nf6 7. Nc3 Ng4 8.
Qxg4 Nxd4 9. Qd1 Ne6 10. Rc1 d6 11. Be2 Bd7 12. O-O Bc6 13. f3 Qa5 14. a3 g5
15. Qd2 h5 16. Rfd1 h4 17. Bf1 Rg8 18. Qf2 Be5 19. Nd5 Bxd5 20. cxd5 Nf4 21.
Rc2 Qd8 22. Rdc1 e6 23. Rc7 g4 24. fxg4 Rxg4 25. Qf3 Qg5 26. dxe6 fxe6 27. Rxb7
Kf8 28. Rxa7 Rxa7 29. Bxa7 Kg8 30. Be3 Bxb2 31. Rc8+ Kh7 32. h3 Rg3 33. Qxf4
Qxf4 34. Bxf4 Rxa3 35. Bxd6 Bd4+ 36. Kh2 Ra1 37. Rf8 Kg7 38. Rf3 Ra2 39. Bc4
Ra1 40. Rf1 Ra4 41. Bxe6 Ra6 42. Bf8+ 1-0

[Event "Guelph Futurity"]
[Site "Guelph CAN"]
[Date "2005.07.25"]
[Round "10"]
[White "Noritsyn, Nikolay"]
[Black "MacPhail, John"]
[Result "1-0"]
[WhiteElo "2376"]
[BlackElo "2305"]
[PlyCount "81"]
[EventDate "2005.08.07"]
[EventType "schev"]
[EventRounds "10"]
[EventCountry "CAN"]

1. e4 c5 2. Nf3 d6 3. d4 cxd4 4. Nxd4 Nf6 5. Bd3 Nc6 6. Nxc6 bxc6 7. O-O e5 8.
c4 Be7 9. b3 O-O 10. Bb2 Bg4 11. Be2 Be6 12. Nc3 Qb8 13. Bf3 Bxc4 14. Re1 Be6
15. Re3 Rd8 16. Rd3 Qb7 17. Qe2 Rab8 18. Rd2 Nd7 19. Ba3 Nb6 20. Rad1 c5 21. g3
h6 22. Bg2 Bd7 23. h4 a5 24. Kh2 Nc8 25. Nd5 Bf8 26. Bh3 Bxh3 27. Kxh3 Nb6 28.
Nc3 Re8 29. Bc1 Qc8+ 30. Kh2 c4 31. Nb5 cxb3 32. axb3 Re6 33. Ba3 Na8 34. Bxd6
Bxd6 35. Nxd6 Qc7 36. Nc4 Nb6 37. h5 a4 38. bxa4 Ra8 39. Qg4 g6 40. Rd6 Rae8
41. hxg6 1-0

[Event "Guelph int"]
[Site "Guelph CAN"]
[Date "2005.07.28"]
[Round "1"]
[White "Noritsyn, Nikolay"]
[Black "Prilleltensky, Matan"]
[Result "1-0"]
[WhiteElo "2262"]
[BlackElo "2103"]
[PlyCount "56"]
[EventDate "2005.07.28"]
[EventType "swiss"]
[EventRounds "9"]
[EventCountry "CAN"]

1. e4 c5 2. Nf3 e6 3. d4 cxd4 4. Nxd4 Nf6 5. Nc3 d6 6. g4 h6 7. Rg1 Nc6 8. Be3
Be7 9. Be2 g5 10. Qd2 Ne5 11. O-O-O a6 12. h4 b5 13. a3 Bb7 14. f3 Rc8 15. hxg5
hxg5 16. Bxg5 Nc4 17. Bxc4 Rxc4 18. Be3 Nd7 19. g5 Qc7 20. g6 Nc5 21. gxf7+
Kxf7 22. Bg5 b4 23. axb4 Rxb4 24. Bxe7 Qa5 25. Qf4+ Kxe7 26. Rg7+ Ke8 27. Qf7+
Kd8 28. Nxe6+ Kc8 1-0

[Event "Guelph int"]
[Site "Guelph CAN"]
[Date "2005.07.28"]
[Round "2"]
[White "Burnett, Ronald"]
[Black "Noritsyn, Nikolay"]
[Result "0-1"]
[WhiteElo "2433"]
[BlackElo "2262"]
[PlyCount "74"]
[EventDate "2005.07.28"]
[EventType "swiss"]
[EventRounds "9"]
[EventCountry "CAN"]

1. Nf3 Nf6 2. c4 c5 3. Nc3 Nc6 4. d4 cxd4 5. Nxd4 g6 6. e4 Bg7 7. Nc2 d6 8. Be2
O-O 9. O-O b6 10. f4 Bb7 11. Bf3 Rc8 12. b3 Nd7 13. Bb2 Nc5 14. Rb1 a6 15. b4
Nd7 16. Bg4 Ncb8 17. Ne3 b5 18. c5 dxc5 19. e5 cxb4 20. Ncd5 e6 21. Nxb4 Nc5
22. Bd4 Qe7 23. Rc1 Na4 24. Nbd5 exd5 25. Bxc8 Bxc8 26. Nxd5 Qd8 27. Ne3 Bb7
28. f5 Nc6 29. Rxc6 Bxc6 30. f6 Bh6 31. Ng4 Bg5 32. h4 Qd5 33. Rf2 Bxh4 34.
Nh6+ Kh8 35. Qd2 Bxf2+ 36. Qxf2 Qe4 37. Kh2 Bd5 0-1

[Event "Guelph int"]
[Site "Guelph CAN"]
[Date "2005.07.29"]
[Round "3"]
[White "Noritsyn, Nikolay"]
[Black "Kogan, Artur"]
[Result "1-0"]
[WhiteElo "2262"]
[BlackElo "2580"]
[PlyCount "131"]
[EventDate "2005.07.28"]
[EventType "swiss"]
[EventRounds "9"]
[EventCountry "CAN"]

1. e4 c5 2. Nf3 Nc6 3. d4 cxd4 4. Nxd4 Qc7 5. Nb5 Qb8 6. c4 Nf6 7. N5c3 e6 8.
f4 e5 9. f5 Bc5 10. Bg5 Ne7 11. Nd2 a6 12. Nb3 Bb4 13. Bxf6 Bxc3+ 14. bxc3 gxf6
15. Be2 b6 16. O-O Bb7 17. Qd3 Qc7 18. Rfd1 Rg8 19. Bf3 Nc8 20. Rd2 a5 21. Rad1
d6 22. Kh1 Ke7 23. Na1 a4 24. Nc2 Ra5 25. Ne3 Rd8 26. Qe2 Rc5 27. Qf2 Rd7 28.
Ng4 Qd8 29. Qh4 Qh8 30. h3 Qg7 31. Ne3 b5 32. cxb5 Rxc3 33. Qf2 Qg5 34. Nd5+
Bxd5 35. Rxd5 Rb7 36. Qb2 Qe3 37. Qb4 Kf8 38. Qa5 Kg7 39. Qd8 Qa7 40. R5d3 Rd7
41. Qxd7 Qxd7 42. Rxc3 Na7 43. b6 Nb5 44. Rcd3 Qc6 45. Rb1 Qc2 46. Rdd1 Qc6 47.
b7 Qxb7 48. Rd5 Qc6 49. Rdxb5 a3 50. R5b3 Qc2 51. Ra1 Kh6 52. Kh2 Kg5 53. Rd1
Qxa2 54. Rdd3 Kf4 55. Rxa3 Qf2 56. Ra1 Qc5 57. Rad1 h5 58. Rxd6 Kg5 59. Rd7 Qc4
60. Rd8 Qc2 61. Rh8 h4 62. Rh5+ Kf4 63. Rxh4+ Ke3 64. Re1+ Kd4 65. Rh8 Qc7 66.
Rd8+ 1-0

[Event "Guelph int"]
[Site "Guelph CAN"]
[Date "2005.07.29"]
[Round "4"]
[White "Kunte, Abhijit"]
[Black "Noritsyn, Nikolay"]
[Result "1/2-1/2"]
[WhiteElo "2561"]
[BlackElo "2262"]
[PlyCount "27"]
[EventDate "2005.07.28"]
[EventType "swiss"]
[EventRounds "9"]
[EventCountry "CAN"]

1. d4 Nf6 2. Nf3 g6 3. g3 Bg7 4. Bg2 O-O 5. O-O d6 6. Re1 Nc6 7. e4 e5 8. c3
Re8 9. d5 Nb8 10. c4 a5 11. Nc3 Na6 12. a3 Nc5 13. b3 c6 14. Rb1 1/2-1/2

[Event "Guelph int"]
[Site "Guelph CAN"]
[Date "2005.07.30"]
[Round "5"]
[White "Shipov, Sergei"]
[Black "Noritsyn, Nikolay"]
[Result "1/2-1/2"]
[WhiteElo "2580"]
[BlackElo "2262"]
[PlyCount "110"]
[EventDate "2005.07.28"]
[EventType "swiss"]
[EventRounds "9"]
[EventCountry "CAN"]

1. d4 Nf6 2. c4 g6 3. Nc3 Bg7 4. e4 d6 5. Be2 O-O 6. Nf3 e5 7. Be3 exd4 8. Nxd4
Re8 9. f3 Nc6 10. O-O Nh5 11. Qd2 Nf4 12. Rfd1 Nxe2+ 13. Ncxe2 Ne5 14. Rac1 a6
15. b3 Rb8 16. Nc3 Bd7 17. Nde2 Bc6 18. Bh6 Qe7 19. Bxg7 Kxg7 20. Nf4 Rbc8 21.
Re1 f6 22. Nfd5 Qf7 23. a4 Kg8 24. a5 Bxd5 25. Nxd5 c6 26. Ne3 Rcd8 27. Rcd1
Qe7 28. h3 Kg7 29. Qc3 Nd7 30. Rd4 Nc5 31. b4 Ne6 32. Rd2 Nf4 33. Red1 h5 34.
h4 Kh7 35. g3 Ne6 36. Kf2 Ng7 37. Rd4 f5 38. exf5 Nxf5 39. Re4 Qf7 40. Rxe8
Rxe8 41. Ng2 d5 42. cxd5 cxd5 43. Qb3 Qc7 44. Nf4 d4 45. Rd2 Re3 46. Qd5 Nxh4
47. Ne6 Rxe6 48. Qxe6 Nf5 49. f4 h4 50. gxh4 Qxf4+ 51. Ke2 Qg4+ 52. Ke1 Qg1+
53. Ke2 Qg4+ 54. Ke1 Qg1+ 55. Ke2 Qg4+ 1/2-1/2

[Event "Guelph int"]
[Site "Guelph CAN"]
[Date "2005.07.30"]
[Round "6"]
[White "Noritsyn, Nikolay"]
[Black "Matveeva, Svetlana"]
[Result "1/2-1/2"]
[WhiteElo "2262"]
[BlackElo "2419"]
[PlyCount "42"]
[EventDate "2005.07.28"]
[EventType "swiss"]
[EventRounds "9"]
[EventCountry "CAN"]

1. e4 e6 2. d4 d5 3. Nc3 Bb4 4. e5 c5 5. a3 Bxc3+ 6. bxc3 Ne7 7. Qg4 Kf8 8. Nf3
Qa5 9. Bd2 Qa4 10. Ra2 Nbc6 11. Bd3 b6 12. O-O h6 13. Qf4 c4 14. Be2 Bd7 15. g4
Ke8 16. Qg3 Kd8 17. Nh4 Kc7 18. f4 g6 19. Kh1 Rag8 20. Qh3 b5 21. Rfa1 Rb8
1/2-1/2

[Event "Guelph int"]
[Site "Guelph CAN"]
[Date "2005.07.31"]
[Round "7"]
[White "Ganguly, Surya Shekhar"]
[Black "Noritsyn, Nikolay"]
[Result "1/2-1/2"]
[WhiteElo "2596"]
[BlackElo "2262"]
[PlyCount "130"]
[EventDate "2005.07.28"]
[EventType "swiss"]
[EventRounds "9"]
[EventCountry "CAN"]

1. e4 c5 2. Nf3 Nc6 3. d4 cxd4 4. Nxd4 g6 5. c4 Bg7 6. Be3 Nf6 7. Nc3 Ng4 8.
Qxg4 Nxd4 9. Qd1 Ne6 10. Rc1 d6 11. Be2 Bd7 12. O-O Bc6 13. Qd2 Qa5 14. f3 g5
15. Rfd1 Be5 16. a3 Bf4 17. g3 Bxe3+ 18. Qxe3 Qc5 19. Kf2 h5 20. b4 Qxe3+ 21.
Kxe3 h4 22. Nd5 hxg3 23. hxg3 f6 24. Rh1 Kf7 25. c5 dxc5 26. bxc5 Ng7 27. Bc4
e6 28. Nb4 Bd7 29. Nd3 Bc6 30. Rb1 Rxh1 31. Rxh1 Rc8 32. f4 gxf4+ 33. gxf4 Rd8
34. Rh7 Kg6 35. Rh2 Re8 36. Rh3 Re7 37. Rh8 Re8 38. Rh2 Re7 39. Rb2 Kh7 40. Nf2
Kg6 41. Rb1 Rc7 42. Rg1+ Kf7 43. Ng4 Be8 44. Nh6+ Kf8 45. Kd4 Rd7+ 46. Kc3 Rc7
47. Kb4 f5 48. e5 Rd7 49. Bxe6 Rd4+ 50. Bc4 Rxf4 51. e6 Nxe6 52. Nxf5 a5+ 53.
Kc3 Rxf5 54. Bxe6 Rxc5+ 55. Kd4 Rh5 56. Bc4 Rh4+ 57. Kc3 Bc6 58. Rg5 a4 59. Bd5
Ke7 60. Bc4 Kd6 61. Rg6+ Kc5 62. Rg5+ Kb6 63. Kb4 Rh1 64. Rf5 Rb1+ 65. Kc3 Rc1+
1/2-1/2

[Event "Guelph int"]
[Site "Guelph CAN"]
[Date "2005.07.31"]
[Round "8"]
[White "Noritsyn, Nikolay"]
[Black "Zugic, Igor"]
[Result "0-1"]
[WhiteElo "2262"]
[BlackElo "2474"]
[PlyCount "108"]
[EventDate "2005.07.28"]
[EventType "swiss"]
[EventRounds "9"]
[EventCountry "CAN"]

1. e4 Nf6 2. Nc3 d5 3. exd5 Nxd5 4. Bc4 c6 5. Qf3 Nf6 6. Nge2 g6 7. d4 Bg7 8.
h3 O-O 9. Bg5 Nbd7 10. O-O-O Nb6 11. Bb3 a5 12. a3 a4 13. Ba2 Ra5 14. Bxf6 Bxf6
15. g4 Bg7 16. h4 Qd7 17. Rhg1 Qc7 18. h5 c5 19. hxg6 hxg6 20. dxc5 Rxc5 21.
Kb1 Bd7 22. Qd3 e6 23. Rh1 Bc6 24. Rhe1 Rc8 25. Nd4 Nd5 26. Ne4 Nf4 27. Qe3
Bxe4 28. Qxe4 Re5 29. Qh1 Rxe1 30. Qxe1 Bxd4 31. Rxd4 Qxc2+ 32. Ka1 Ne2 33. Rd2
Qc1+ 34. Qxc1 Nxc1 35. Kb1 b5 36. Rd1 Nxa2 37. Kxa2 Kg7 38. Rd4 g5 39. Rb4 Rc5
40. b3 axb3+ 41. Kxb3 f5 42. gxf5 exf5 43. Rd4 g4 44. Rd3 Kf6 45. f3 Kg5 46.
fxg4 fxg4 47. Kb4 Rf5 48. Rd8 g3 49. Rb8 Kg4 50. Rd8 g2 51. Rd1 Kg3 52. Rd8 Rg5
53. Rd1 Kh2 54. Rd2 Kh1 0-1

[Event "Ontario Closed"]
[Site "Ottawa CAN"]
[Date "2005.03.05"]
[Round "3"]
[White "Noritsyn, Nikolay"]
[Black "Predescu, Sebastian"]
[Result "0-1"]
[WhiteElo "2357"]
[BlackElo "2245"]
[PlyCount "66"]
[EventDate "2005.03.04"]
[EventType "swiss"]
[EventRounds "5"]
[EventCountry "CAN"]

1. e4 c5 2. Nf3 d6 3. d4 cxd4 4. Nxd4 Nf6 5. Nc3 a6 6. Rg1 e5 7. Nb3 Be6 8. g4
d5 9. exd5 Nxd5 10. Nxd5 Qxd5 11. Qe2 Nc6 12. Bg2 Qc4 13. Qxc4 Bxc4 14. Be3
O-O-O 15. Bb6 Rd7 16. g5 Nb4 17. Be4 Nxc2+ 18. Bxc2 Bb4+ 19. Nd2 Bxd2+ 20. Kd1
Ba5+ 21. Kc1 Bxb6 22. Bf5 Be6 23. Bxe6 fxe6 24. Re1 Rf8 25. Kc2 Rxf2+ 26. Kb3
Rd3+ 27. Kc4 Rd4+ 28. Kc3 Rf3+ 29. Kc2 Ba5 30. b4 Bxb4 31. Red1 Rc4+ 32. Kb2
Ba3+ 33. Kb1 Rfc3 0-1

[Event "Ontario Closed"]
[Site "Ottawa CAN"]
[Date "2005.03.06"]
[Round "4"]
[White "Saleh, Maher"]
[Black "Noritsyn, Nikolay"]
[Result "0-1"]
[WhiteElo "2300"]
[BlackElo "2357"]
[PlyCount "92"]
[EventDate "2005.03.04"]
[EventType "swiss"]
[EventRounds "5"]
[EventCountry "CAN"]

1. Nf3 c5 2. g3 Nc6 3. d4 cxd4 4. Nxd4 g6 5. Bg2 Bg7 6. Nb3 Nf6 7. Nc3 O-O 8.
O-O d6 9. Re1 a6 10. a4 Qc7 11. e4 e6 12. Bf4 Rd8 13. Re2 Ne5 14. Bxe5 dxe5 15.
Rd2 Bd7 16. Qe2 Be8 17. Rad1 Nd7 18. Bf1 Rdc8 19. Qe3 Bf8 20. Rd3 Nb6 21. Ra1
Bb4 22. Nd2 Bc5 23. Qh6 Rd8 24. a5 Nd7 25. Nb3 Bf8 26. Qe3 Nc5 27. Rxd8 Rxd8
28. Nd2 Nd7 29. Nc4 Bc5 30. Qf3 Nb8 31. Na4 Be7 32. c3 Nc6 33. Nab6 f5 34. b4
Na7 35. Bd3 Nb5 36. Bc2 Bc6 37. Re1 Bg5 38. g4 Rf8 39. Qh3 fxg4 40. Qxg4 Qf7
41. Rf1 Qf6 42. Qh3 Bh4 43. f3 Nxc3 44. Nxe5 Ne2+ 45. Kh1 Nf4 46. Qg4 h5 0-1

[Event "Ontario Closed"]
[Site "Ottawa CAN"]
[Date "2005.03.06"]
[Round "5"]
[White "Noritsyn, Nikolay"]
[Black "Djerkovic, Miladin"]
[Result "1/2-1/2"]
[WhiteElo "2357"]
[BlackElo "2289"]
[PlyCount "123"]
[EventDate "2005.03.04"]
[EventType "swiss"]
[EventRounds "5"]
[EventCountry "CAN"]

1. e4 e5 2. Nf3 Nc6 3. Bb5 a6 4. Ba4 Nf6 5. O-O Be7 6. Re1 b5 7. Bb3 d6 8. c3
O-O 9. h3 Nd7 10. d4 Bf6 11. d5 Ne7 12. a4 Bb7 13. Bc2 Nc5 14. axb5 axb5 15.
Rxa8 Qxa8 16. b4 Nd7 17. Na3 Ba6 18. c4 bxc4 19. b5 Bc8 20. Nxc4 Qb8 21. Bd3
Nc5 22. Bf1 Bd7 23. Ba3 Qa7 24. Qc1 Ra8 25. Bb4 Bxb5 26. Nxd6 cxd6 27. Bxc5
dxc5 28. Bxb5 Nc8 29. Bc6 Rb8 30. Qc3 Nd6 31. Nd2 c4 32. Nxc4 Qc5 33. Qa3 Qxc4
34. Qxd6 Rb2 35. Qa3 Rb8 36. Qe3 h6 37. Qe2 Qc3 38. Rd1 Rb2 39. Qd3 Qc5 40. Qf3
Rc2 41. Ba4 Rc3 42. Qf5 Rc1 43. Rxc1 Qxc1+ 44. Kh2 Qf4+ 45. Qxf4 exf4 46. g3
Be5 47. gxf4 Bxf4+ 48. Kg2 f5 49. Kf3 Bd6 50. exf5 Kf7 51. Ke4 Ke7 52. f3 Bc7
53. Kd4 Bd6 54. Kc4 Ba3 55. Kb5 Kd6 56. f6 gxf6 57. Kc4 Ke5 58. Bd7 Bd6 59. Bg4
Ba3 60. Kb3 Bd6 61. Kc4 Ba3 62. Kb3 1/2-1/2

[Event "Guelph Winter Pro Am"]
[Site "Guelph CAN"]
[Date "2005.02.02"]
[Round "1"]
[White "Noritsyn, Nikolay"]
[Black "Becker, Paul"]
[Result "1-0"]
[WhiteElo "2345"]
[BlackElo "2001"]
[PlyCount "63"]
[EventDate "2005.02.02"]
[EventType "swiss"]
[EventRounds "5"]
[EventCountry "CAN"]

1. e4 c5 2. Nf3 Nc6 3. d4 cxd4 4. Nxd4 e5 5. Nb5 d6 6. c4 a6 7. N5c3 f5 8. exf5
Bxf5 9. Bd3 Bxd3 10. Qxd3 Nf6 11. O-O Be7 12. Be3 O-O 13. Nd5 Nxd5 14. Qxd5+
Kh8 15. Nc3 Rf6 16. Ne4 Rg6 17. Rad1 Qf8 18. Ng3 Bh4 19. c5 Be7 20. cxd6 Rxd6
21. Qb3 Nd4 22. Bxd4 exd4 23. Qxb7 Rb8 24. Qe4 Rxb2 25. Nf5 Rd7 26. Qe6 Rbb7
27. Rxd4 Rxd4 28. Nxd4 Bc5 29. Nb3 Re7 30. Qxa6 Ba7 31. h3 Re1 32. Qxa7 1-0

[Event "Guelph Winter Pro Am"]
[Site "Guelph CAN"]
[Date "2005.02.03"]
[Round "2"]
[White "Ang, Alan"]
[Black "Noritsyn, Nikolay"]
[Result "0-1"]
[WhiteElo "1908"]
[BlackElo "2345"]
[PlyCount "112"]
[EventDate "2005.02.02"]
[EventType "swiss"]
[EventRounds "5"]
[EventCountry "CAN"]

1. e4 c5 2. Nf3 Nc6 3. d4 cxd4 4. Nxd4 g6 5. Nc3 Bg7 6. Be3 Nf6 7. Bc4 d6 8.
O-O Ng4 9. Nxc6 bxc6 10. Bd2 O-O 11. h3 Ne5 12. Bb3 Ba6 13. Re1 Rb8 14. Qc1 c5
15. a3 c4 16. Ba2 e6 17. Rb1 Re8 18. b4 cxb3 19. Rxb3 Rc8 20. Nb5 Bxb5 21. Rxb5
Nd3 22. cxd3 Rxc1 23. Rxc1 Bd4 24. Rc4 Qf6 25. Be1 d5 26. Rc7 dxe4 27. dxe4 Rd8
28. Rc2 Bb6 29. Rb1 Qf4 30. Re2 h5 31. Bb3 h4 32. Bc2 Bc7 33. g3 hxg3 34. fxg3
Qf3 35. Rg2 Be5 36. Rb3 Bd4+ 37. Kh2 Qf6 38. Rd3 Rc8 39. Rdd2 Kg7 40. Bf2 Bc3
41. Re2 Rh8 42. Bxa7 Qe5 43. Rgf2 Qh5 44. h4 Be5 45. Kg2 Qg4 46. Kf1 Qxg3 47.
a4 Rxh4 48. Rg2 Qc3 49. Bf2 Rf4 50. Kg1 Rf3 51. Be1 Bd4+ 52. Bf2 Qa1+ 53. Kh2
Be5+ 54. Bg3 Rf1 55. Bxe5+ Qxe5+ 56. Rg3 Qh5+ 0-1

[Event "Guelph Winter Pro Am"]
[Site "Guelph CAN"]
[Date "2005.02.03"]
[Round "3"]
[White "Pushkedra, Frank"]
[Black "Noritsyn, Nikolay"]
[Result "0-1"]
[WhiteElo "2296"]
[BlackElo "2345"]
[PlyCount "86"]
[EventDate "2005.02.02"]
[EventType "swiss"]
[EventRounds "5"]
[EventCountry "CAN"]

1. e4 c5 2. Nf3 Nc6 3. d4 cxd4 4. Nxd4 g6 5. Nc3 Bg7 6. Be3 Nf6 7. Bc4 d6 8. f3
Qb6 9. Nf5 Qxb2 10. Nxg7+ Kf8 11. Nd5 Nxd5 12. Bxd5 Kxg7 13. O-O Qc3 14. Bf2
Qa5 15. Rb1 Qc7 16. f4 f6 17. Rb3 Bd7 18. Qa1 e6 19. Rc3 exd5 20. exd5 Rhf8 21.
dxc6 bxc6 22. Kh1 Kg8 23. Bh4 Bf5 24. Re3 Rae8 25. Rxe8 Rxe8 26. Qxf6 Bxc2 27.
Qc3 Be4 28. Bf2 c5 29. Qc4+ Qf7 30. Qb5 Rf8 31. Bh4 Qxa2 32. Rf2 Qb1+ 33. Qxb1
Bxb1 34. h3 Rc8 35. Rb2 Be4 36. Kg1 c4 37. Ra2 c3 38. Ra1 c2 39. Rc1 Rb8 40.
Be1 Rb1 41. Bd2 a5 42. Kf2 a4 43. Ke3 d5 0-1

[Event "Guelph Winter Pro Am"]
[Site "Guelph CAN"]
[Date "2005.02.04"]
[Round "4"]
[White "Noritsyn, Nikolay"]
[Black "Hamilton, Robert"]
[Result "1-0"]
[WhiteElo "2345"]
[BlackElo "2408"]
[PlyCount "87"]
[EventDate "2005.02.02"]
[EventType "swiss"]
[EventRounds "5"]
[EventCountry "CAN"]

1. e4 e6 2. d4 d5 3. Nc3 Nf6 4. Bg5 Bb4 5. e5 h6 6. Bd2 Bxc3 7. bxc3 Ne4 8. Qg4
Kf8 9. Bd3 Nxd2 10. Kxd2 c5 11. Nf3 Qa5 12. h4 Nc6 13. Rh3 cxd4 14. Rg3 dxc3+
15. Kd1 Ke8 16. Qxg7 Rf8 17. Qxh6 Qc5 18. Ke2 Bd7 19. Qf6 Nb4 20. Ng5 Nxd3 21.
cxd3 Qb4 22. Kf1 c2 23. Kg1 Rc8 24. Rc1 Qa3 25. Qf4 Rc3 26. Kh2 Kd8 27. d4 Rxg3
28. fxg3 Ba4 29. Nf3 Kd7 30. h5 Qxa2 31. h6 Qa3 32. Ne1 Qc3 33. h7 b5 34. Qh6
Rh8 35. Qg7 Qd2 36. Qxf7+ Kd8 37. Qf6+ Kc7 38. Qxh8 Qh6+ 39. Kg1 Qxc1 40. Qg7+
Kb6 41. h8=Q Qxe1+ 42. Kh2 c1=Q 43. Qd8+ Ka6 44. Qd6+ 1-0

[Event "Guelph Winter Pro Am"]
[Site "Guelph CAN"]
[Date "2005.02.04"]
[Round "5"]
[White "Noritsyn, Nikolay"]
[Black "Krnan, Tomas"]
[Result "0-1"]
[WhiteElo "2345"]
[BlackElo "2404"]
[PlyCount "68"]
[EventDate "2005.02.02"]
[EventType "swiss"]
[EventRounds "5"]
[EventCountry "CAN"]

1. e4 d5 2. exd5 Nf6 3. d4 Nxd5 4. Nf3 g6 5. Be2 Bg7 6. O-O O-O 7. c4 Nb6 8. h3
Nc6 9. Be3 e5 10. dxe5 Nxe5 11. Nxe5 Bxe5 12. Qxd8 Rxd8 13. Nc3 Be6 14. c5 Nd5
15. Nxd5 Bxd5 16. Bf3 Bxf3 17. gxf3 c6 18. Rab1 Rd3 19. b4 Rad8 20. b5 Ra3 21.
bxc6 bxc6 22. Rfd1 Rxd1+ 23. Rxd1 Rxa2 24. f4 Ra1 25. Rf1 Rxf1+ 26. Kxf1 Bb2
27. Bd2 Bd4 28. Bb4 Kg7 29. Ke2 Kf6 30. Kd3 Bxf2 31. Ke4 Ke6 32. Kf3 Bg1 33.
Ke4 f5+ 34. Kd3 Kd5 0-1

[Event "Wch-U12"]
[Site "Halkidiki GRE"]
[Date "2003.10.25"]
[Round "3.3"]
[White "Noritsyn, Nikolay"]
[Black "Cordova Daza, Emilio"]
[Result "0-1"]
[WhiteElo "2141"]
[BlackElo "2269"]
[PlyCount "74"]
[EventDate "2003.10.23"]
[EventType "swiss"]
[EventRounds "11"]
[EventCountry "GRE"]

1. e4 d6 2. d4 Nf6 3. Nc3 g6 4. f4 Bg7 5. Nf3 O-O 6. Bd3 Nc6 7. O-O e5 8. dxe5
dxe5 9. fxe5 Nxe5 10. Nxe5 Qd4+ 11. Kh1 Qxe5 12. Bf4 Qc5 13. Qd2 Nh5 14. Be3
Qb4 15. Rab1 c6 16. a3 Qa5 17. Qf2 Be6 18. Qh4 Qe5 19. Ne2 Rad8 20. Bg5 f6 21.
Bd2 c5 22. b3 b5 23. Bc3 Qb8 24. g4 g5 25. Qxh5 Qc8 26. Rg1 c4 27. bxc4 bxc4
28. Bb4 cxd3 29. cxd3 Rxd3 30. Bxf8 Bxf8 31. Rgc1 Qd7 32. Rb8 Bxg4 33. Qh6 Qe7
34. Ng3 Rd8 35. Rb7 Bf3+ 36. Kg1 Qc5+ 37. Rxc5 Bxc5+ 0-1

[Event "Wch-U12"]
[Site "Halkidiki GRE"]
[Date "2003.10.28"]
[Round "6.4"]
[White "Safarli, Eltaj"]
[Black "Noritsyn, Nikolay"]
[Result "1/2-1/2"]
[WhiteElo "2246"]
[BlackElo "2141"]
[PlyCount "108"]
[EventDate "2003.10.23"]
[EventType "swiss"]
[EventRounds "11"]
[EventCountry "GRE"]

1. e4 c5 2. Nf3 Nc6 3. Nc3 g6 4. d4 cxd4 5. Nxd4 Bg7 6. Nde2 Nf6 7. g3 O-O 8.
Bg2 d6 9. O-O Bd7 10. Nd5 Re8 11. c3 Rb8 12. h3 b5 13. Bg5 Nxd5 14. exd5 Na5
15. a3 Nc4 16. Bc1 a5 17. b3 Nb6 18. Be3 Rc8 19. Bd4 Bxd4 20. Qxd4 a4 21. b4
Rc4 22. Qd2 Kg7 23. Rfc1 Qc8 24. Kh2 h5 25. Nd4 Rc7 26. Nxb5 Bxb5 27. Qd4+ Kg8
28. Qxb6 Bd7 29. Qe3 e6 30. dxe6 Bxe6 31. Qd4 Rc4 32. Qxd6 h4 33. g4 Rxc3 34.
Qd2 Qb8+ 35. Kg1 Rb3 36. Qg5 Kg7 37. Re1 Qb6 38. Re3 Rd8 39. Rae1 Qd4 40. Qc5
Qf6 41. g5 Qd4 42. Qxd4+ Rxd4 43. Ra1 Rxe3 44. fxe3 Rd3 45. Kf2 Rd2+ 46. Kg1
Re2 47. e4 Re3 48. Kf2 Rg3 49. e5 Rxg5 50. Re1 Rf5+ 51. Kg1 Rg5 52. Kf2 Rf5+
53. Kg1 Rg5 54. Kf2 Rf5+ 1/2-1/2